UBT Library

Deep branding on the Internet : (Record no. 44399)

000 -LEADER
fixed length control field 00897cam a22002414a 4500
001 - CONTROL NUMBER
control field 12001393
005 - DATE AND TIME OF LATEST TRANSACTION
control field 20180308035551.0
008 - FIXED-LENGTH DATA ELEMENTS--GENERAL INFORMATION
fixed length control field 000509s2000 caua b 001 0 eng
010 ## - LIBRARY OF CONGRESS CONTROL NUMBER
LC control number 00034671
020 ## - INTERNATIONAL STANDARD BOOK NUMBER
International Standard Book Number 0761525327
040 ## - CATALOGING SOURCE
Original cataloging agency DLC
Transcribing agency DLC
Modifying agency DLC
041 ## - LANGUAGE CODE
Language code of text/sound track or separate title eng
042 ## - AUTHENTICATION CODE
Authentication code pcc
080 ## - UNIVERSAL DECIMAL CLASSIFICATION NUMBER
Universal Decimal Classification number 658.84 BRA
082 00 - DEWEY DECIMAL CLASSIFICATION NUMBER
Classification number 658.84 BRA
Edition number 21
100 1# - Rafti
Rafti 58
101 ## - Shkurtesa
Shkurtesa BIZ
245 10 - TITLE STATEMENT
Title Deep branding on the Internet :
Statement of responsibility, etc Marc Braunstein and Edward H. Levine.
504 ## - BIBLIOGRAPHY, ETC. NOTE
Bibliography, etc Includes bibliographical references (p. 362-370) and index.
906 ## - LOCAL DATA ELEMENT F, LDF (RLIN)
a 7
b cbc
c orignew
d 1
e ocip
f 20
g y-gencatlg
942 ## - ADDED ENTRY ELEMENTS (KOHA)
Source of classification or shelving scheme
Item type Books
Holdings
Withdrawn status Lost status Source of classification or shelving scheme Damaged status Not for loan Collection code Permanent location Current location Shelving location Date acquired Total Checkouts Full call number Barcode Date last seen Price effective from Koha item type
          Koleksioni i përgjithshem UBT - Lipjan UBT - Lipjan Koleksioni i përgjithshem 03/08/2018   658.84 BRA 002-3000846 03/08/2018 03/08/2018 Books
UBT Library © 2015-2024. All rights reserved University Education for Business and Technology